00679nab a2200181 uc450000100070000000500170000700800410002403500110006503500210007604000130009704100080011010000310011824501450014965000390029465000360033365000130036977301150038255334220240827090312.0991007e19980301 spa  a553342 a(OCoLC)819813246 ccomduadb aspa10aBeltran, Alfonso4auteaut10aImbricacion de la politica de I+D de la UE en el sistema espaqol de ciencia y tecnologia : en relacion al ambito de tecnologia de aliementos 7aInvestigación y desarrollo2lemb 7aTecnología de alimentos2lemb aEspaña0 tAlimentación, Equipos y Tecnología (Madrid)gVol. 17, No. 02, Mar. 1998, p. 109-113w6916x0212-168903171